ទំនាក់ទំនងស្នេហា និងសុខភាពបន្តពូជ / (Record no. 1571)
[ view plain ]
| 000 -LEADER | |
|---|---|
| fixed length control field | 02037nam a22003137a 4500 |
| 001 - CONTROL NUMBER | |
| control field | 1571 |
| 003 - CONTROL NUMBER IDENTIFIER | |
| control field | FISKH |
| 005 - DATE AND TIME OF LATEST TRANSACTION | |
| control field | 20231002115254.0 |
| 008 - FIXED-LENGTH DATA ELEMENTS--GENERAL INFORMATION | |
| fixed length control field | 230907b cb ||||| |||| 00| 0 khr d |
| 020 ## - INTERNATIONAL STANDARD BOOK NUMBER | |
| International Standard Book Number | 9789996305610 |
| 040 ## - CATALOGING SOURCE | |
| Original cataloging agency | FISKH |
| Language of cataloging | eng |
| Transcribing agency | FISKH |
| Modifying agency | FISKH |
| 082 ## - DEWEY DECIMAL CLASSIFICATION NUMBER | |
| Classification number | 128.4 |
| 100 ## - MAIN ENTRY--PERSONAL NAME | |
| Personal name | Anonymous |
| 245 ## - TITLE STATEMENT | |
| Title | ទំនាក់ទំនងស្នេហា និងសុខភាពបន្តពូជ / |
| 250 ## - EDITION STATEMENT | |
| Edition statement | បោះពុម្ពលើកទី២ មិនា ២០១៧ |
| 260 ## - PUBLICATION, DISTRIBUTION, ETC. | |
| Place of publication, distribution, etc. | Phnom Penh : |
| Name of publisher, distributor, etc. | Sipar, |
| Date of publication, distribution, etc. | 2017. |
| 300 ## - PHYSICAL DESCRIPTION | |
| Extent | 44 pages : |
| Other physical details | color illustrations ; |
| Dimensions | 29 cm |
| 490 ## - SERIES STATEMENT | |
| Series statement | បំនិនជីវិត |
| 505 ## - FORMATTED CONTENTS NOTE | |
| Formatted contents note | Z'<br/> |
| 520 ## - SUMMARY, ETC. | |
| Summary, etc. | បង្ហាញពីគន្លឹះសំខាន់ៗរួមមាន៖ ទំនាក់ទំនងស្នេហា សុខភាពបន្តពូជ ផលវិបាកនៃការរំលូតកូន ការធ្វើអនាម័យ ការការពារខ្លួនពីជំងឺកាមរោគផ្សេងៗ និងព័ត៍មានចាំបាច់សំខាន់ៗ ទាក់ទងនិងសេវាពិគ្រោះយោបល់ ការព្យាបាលជំងឺ និងសេវាអន្តរាគមន៍ ពេលមានការរំលោភបំពានផ្លូវភេទ។ |
| 520 ## - SUMMARY, ETC. | |
| Summary, etc. | Highlights include: relationships, love, reproductive health, complications of abortion, hygiene, protection against various STIs, and essential information related to counseling, treatment, and abuse intervention services. Sex. |
| 521 8# - TARGET AUDIENCE NOTE | |
| Target audience note | 1120<br/><br/> |
| Source | Lexile estimate<br/> |
| 521 8# - TARGET AUDIENCE NOTE | |
| Target audience note | Z'<br/> |
| Source | Raz-Plus<br/> |
| 650 ## - SUBJECT ADDED ENTRY--TOPICAL TERM | |
| Topical term or geographic name entry element | ទំនាក់ទំនង |
| Form subdivision | ស្នេហា |
| General subdivision | ការរំលូតកូន |
| Chronological subdivision | ពិគ្រោះយោបល់ |
| 650 ## - SUBJECT ADDED ENTRY--TOPICAL TERM | |
| Topical term or geographic name entry element | Relationship |
| Form subdivision | Love |
| General subdivision | Abortion |
| Chronological subdivision | Consulting |
| 700 ## - ADDED ENTRY--PERSONAL NAME | |
| Personal name | Ratha, Ouk |
| Relator term | illustrator |
| 700 ## - ADDED ENTRY--PERSONAL NAME | |
| Personal name | Sophaleap, Nhoek |
| Relator term | illustrator |
| 942 ## - ADDED ENTRY ELEMENTS (KOHA) | |
| Source of classification or shelving scheme | Dewey Decimal Classification |
| Koha item type | Books |
| Suppress in OPAC | No |
| Withdrawn status | Lost status | Source of classification or shelving scheme | Damaged status | Not for loan | Collection | Home library | Current library | Shelving location | Date acquired | Total Checkouts | Full call number | Barcode | Date last seen | Copy number | Price effective from | Koha item type |
|---|---|---|---|---|---|---|---|---|---|---|---|---|---|---|---|---|
| Dewey Decimal Classification | Khmer Non-Fiction / សៀវភៅខ្មែរ រឿងពិត | Footprints International School Library Network Toul Kork Campus | Footprints International School Library Network Toul Kork Campus | 09/07/2023 | ANO 658.11 | 2023-0522 | 09/07/2023 | 1 | 09/07/2023 | Books | ||||||
| Dewey Decimal Classification | Khmer Non-Fiction / សៀវភៅខ្មែរ រឿងពិត | Footprints International School Library Network Toul Kork Campus | Footprints International School Library Network Toul Kork Campus | 09/07/2023 | ANO 658.11 | 2023-0523 | 09/07/2023 | 2 | 09/07/2023 | Books |
